Statistics for The Beatles Original UK Singles

Click here to take the quiz!

General Stats

  • This quiz has been taken 46 times
  • The average score is 31 of 44

Answer Stats

Date of releaseCatalogue No.SideSong% Correct
5 Oct 1962Parlophone R 4949ALove Me Do
97%
17 Feb 1967Parlophone R 5570double AStrawberry Fields Forever
97%
30 Aug 1968Apple R 5722AHey Jude
95%
double APenny Lane
95%
10 Jul 1964Parlophone R 5160AA Hard Day's Night
92%
23 Jul 1965Parlophone R 5305AHelp!
92%
6 Mar 1970Apple R 5833ALet It Be
92%
23 Aug 1963Parlophone R 5055AShe Loves You
92%
double AYellow Submarine
87%
11 Apr 1969Apple R 5777AGet Back
84%
29 Nov 1963Parlophone R 5084AI Want to Hold Your Hand
84%
30 May 1969Apple R 5786AThe Ballad of John and Yoko
84%
5 Aug 1966Parlophone R 5493double AEleanor Rigby
82%
10 Jun 1966Parlophone R 5452APaperback Writer
82%
11 Jan 1963Parlophone R 4983APlease Please Me
82%
9 Apr 1965Parlophone R 5265ATicket to Ride
82%
BRevolution
79%
20 Mar 1964Parlophone R 5114ACan't Buy Me Love
76%
BCome Together
74%
12 Apr 1963Parlophone R 5015AFrom Me to You
74%
BI Am the Walrus
74%
27 Nov 1964Parlophone R 5200AI Feel Fine
74%
31 Oct 1969Apple R 5814ASomething
74%
7 Jul 1967Parlophone R 5620AAll You Need Is Love
71%
double ADay Tripper
68%
15 Mar 1968Parlophone R 5675ALady Madonna
68%
BOld Brown Shoe
68%
24 Nov 1967Parlophone R 5655AHello Goodbye
66%
BRain
61%
3 Dec 1965Parlophone R 5389double AWe Can Work It Out
61%
BP. S. I Love You
58%
BDon't Let Me Down
55%
BI'm Down
55%
BThe Inner Light
55%
BThis Boy
55%
BYes It Is
53%
BYou Know My Name (Look Up the Number)
53%
BBaby You're a Rich Man
50%
BI'll Get You
47%
BThank You Girl
47%
BShe's a Woman
45%
BYou Can't Do That
45%
BAsk Me Why
42%
BThings We Said Today
39%

Score Distribution

Percentile by Number Answered

Percent of People with Each Score

Your Score History

You have not taken this quiz